<?xml version="1.0" encoding="UTF-8"?><?xml-stylesheet type="text/xsl" href="static/style.xsl"?><OAI-PMH xmlns="http://www.openarchives.org/OAI/2.0/" xmlns:xsi="http://www.w3.org/2001/XMLSchema-instance" xsi:schemaLocation="http://www.openarchives.org/OAI/2.0/ http://www.openarchives.org/OAI/2.0/OAI-PMH.xsd"><responseDate>2026-04-19T08:11:42Z</responseDate><request verb="GetRecord" identifier="oai:riubu.ubu.es:10259/6312" metadataPrefix="marc">https://riubu.ubu.es/oai/request</request><GetRecord><record><header><identifier>oai:riubu.ubu.es:10259/6312</identifier><datestamp>2022-03-23T10:40:25Z</datestamp><setSpec>com_10259.4_103</setSpec><setSpec>com_10259.4_1</setSpec><setSpec>com_10259_2604</setSpec><setSpec>col_10259_6305</setSpec></header><metadata><record xmlns="http://www.loc.gov/MARC21/slim" xmlns:doc="http://www.lyncode.com/xoai" xmlns:xsi="http://www.w3.org/2001/XMLSchema-instance" xmlns:dcterms="http://purl.org/dc/terms/" xsi:schemaLocation="http://www.loc.gov/MARC21/slim http://www.loc.gov/standards/marcxml/schema/MARC21slim.xsd">
<leader>00925njm 22002777a 4500</leader>
<datafield tag="042" ind1=" " ind2=" ">
<subfield code="a">dc</subfield>
</datafield>
<datafield tag="720" ind1=" " ind2=" ">
<subfield code="a">Zaragoza Pascual, Ernesto</subfield>
<subfield code="e">author</subfield>
</datafield>
<datafield tag="260" ind1=" " ind2=" ">
<subfield code="c">2016</subfield>
</datafield>
<datafield tag="520" ind1=" " ind2=" ">
<subfield code="a">El autor presenta aquí un documento anónimo, inédito&#xd;
y sin fecha (Siglo XVII) del Archivo Histórico Nacional, de Madrid,&#xd;
Sección de Clero Secular y Regular, que es una exposición razonada&#xd;
remitida al Abad General de la Congregación de San Benito de Valladolid, a la que pertenecía el monasterio de Ntra. Sra. del Espino&#xd;
(Burgos), en la que se pide, que ya que el abad del Espino es elegido&#xd;
como los demás abades en el capítulo general cuatrienal, que su&#xd;
confirmación y la visita del monasterio pertenezca al Abad General,&#xd;
y no al del monasterio de San Millán de la Cogolla, cuyo abad las&#xd;
reclamaba.</subfield>
</datafield>
<datafield tag="520" ind1=" " ind2=" ">
<subfield code="a">L’auteur présente ici un document inédit et sans date&#xd;
(Siècle XVII) de l’Archive Historique National de Madrid, ou s’expose&#xd;
avec fondements de droit a l’Abbé Général de la Congrégation&#xd;
de Saint Benoît de Valladolid, que la confirmation de l’élection&#xd;
abbatiale du monastère de Notre Dame de l’Espino (Burgos) doit&#xd;
correspondre a l’Abbé Général de sa Congrégation, pas au abbé du&#xd;
le monastère de Saint Millán de la Cogolla, qui réclame les droits&#xd;
de confirmation abbatial et de la visite canonique.</subfield>
</datafield>
<datafield tag="024" ind2=" " ind1="8">
<subfield code="a">0211-8998</subfield>
</datafield>
<datafield tag="024" ind2=" " ind1="8">
<subfield code="a">http://hdl.handle.net/10259/6312</subfield>
</datafield>
<datafield ind1=" " ind2=" " tag="653">
<subfield code="a">Monasterios</subfield>
</datafield>
<datafield ind1=" " ind2=" " tag="653">
<subfield code="a">Benedictinos españoles</subfield>
</datafield>
<datafield ind1=" " ind2=" " tag="653">
<subfield code="a">El Espino</subfield>
</datafield>
<datafield ind1=" " ind2=" " tag="653">
<subfield code="a">San Millán de la Cogolla</subfield>
</datafield>
<datafield ind1=" " ind2=" " tag="653">
<subfield code="a">Confirmación abacial</subfield>
</datafield>
<datafield ind1=" " ind2=" " tag="653">
<subfield code="a">Monastères</subfield>
</datafield>
<datafield ind1=" " ind2=" " tag="653">
<subfield code="a">Bénédictins espagnols</subfield>
</datafield>
<datafield ind1=" " ind2=" " tag="653">
<subfield code="a">Confirmation abbatial</subfield>
</datafield>
<datafield ind1=" " ind2=" " tag="653">
<subfield code="a">Visites canoniques</subfield>
</datafield>
<datafield tag="245" ind1="0" ind2="0">
<subfield code="a">Relación del monasterio del Espino con el de San Millán de la Cogolla (siglo XVII)</subfield>
</datafield>
</record></metadata></record></GetRecord></OAI-PMH>